Statistiques concernant Pays ayant perdu des habitants

Cliquez ici pour prendre le quiz!

Statistiques générales

  • Ce quiz a été pris 80 fois
  • Le résultat moyen est 12 sur 21

Statistiques - réponses

Taux de croissance démographique (en %)Pays% Correct
-0,01Russie
81%
-0,49Ukraine
74%
-0,23Japon
69%
-0,50Roumanie
69%
-0,67Bulgarie
66%
-0,23Estonie
66%
-1,03Lettonie
65%
-0,55Lituanie
65%
-0,21Grèce
64%
-0,24Moldavie
64%
-0,34Serbie
64%
-0,58Croatie
62%
-0,15Biélorussie
61%
-0,13Italie
61%
-0,17Pologne
59%
-0,22Bosnie-Herzégovine
58%
-0,34Hongrie
57%
-0,21Andorre
49%
-0,39Portugal
49%
-0,27Géorgie
34%
-0,06Nauru
12%

Distribution des résultats

Percentile par nombre de réponses

% des personnes avec chaque résultat

Votre développement - résultats

Vous n’avez pas pris ce quiz